Spitznamen deutscher Vereine - Statistiken

Allgemein
  • Dieses Quiz wurde 110 mal gespielt
    8 seit der letzten Aktualisierung
  • Das Durchschnittsergebnis liegt bei 23 aus 26
Antwortstatistiken
Hint Antwort % Korrekt
Der Club 1. FC Nürnberg
100%
Die Werkself/Pillen Bayer 04 Leverkusen
100%
Die Fohlen Borussia Mönchengladbach
100%
Die Schwarzgelben BVB Dortmund
100%
Lilien Darmstadt 98
100%
Die Löwen Eintracht Braunschweig/1860 München
100%
Adlerträger Eintracht Frankfurt
100%
FC Hollywood FC Bayern
100%
Roter Teufel FC Kaiserslautern
100%
Die Geißböcke FC Köln
100%
Kogge Hansa Rostock
100%
Die Alte Dame Hertha BSC
100%
Störche Holstein Kiel
100%
Zebras MSV Duisburg
100%
Die Roten Bullen RB Leipzig
100%
Die Breisgauer SC Freiburg
100%
Kiezkicker St. Pauli
100%
Kraichgauer TSG Hoffenheim
100%
Die Eisernen Union Berlin
100%
Die Wölfe Vfl Wolfsburg
100%
Lausitzer FC Energie Cottbus
80%
Die Knappen FC Schalke 04
80%
Fahrstuhlmannschaft Arminia Bielefeld
40%
Spatzen SSV Ulm
40%
Rothemden Hannover 96
20%
Buwe Waldhof Mannheim
20%
Keine übereinstimmenden Quizze gefunden
Verteilung der Resultate
Anzahl Personen mit jedem Resultat
Perzentil nach korrekt beantworteten Fragen
Ihre Resultats-Entwicklung
Sie haben dieses Quiz seit der letzten Aktualisierung nicht gespielt